[Event "Olympiad Women 2024"]
[Site "Budapest HUN"]
[Date "2024.09.15"]
[Round "5.52"]
[Board "3"]
[White "Wu, Elise"]
[Black "Pallie, Ehsha Mishela"]
[Result "0-1"]
[WhiteElo "1595"]
[BlackElo "1767"]
[PlyCount "66"]
[EventDate "2024.09.11"]
[WhiteTeam "Suriname"]
[BlackTeam "Sri Lanka"]
[WhiteTeamCountry "SUR"]
[BlackTeamCountry "SRI"]

1. e4 c5 2. Nf3 a6 3. c3 d5 4. exd5 Qxd5 5. d4 Bg4 6. Be2 e6 7. Na3 ({RR} 7. O-O Nf6 8. h3 Bh5 9. Be3 Nbd7 10. c4 Qd6 11. Nc3 cxd4 12. Nxd4 Bxe2 13. Qxe2 Be7 14. Rad1 Qc7 15. b3 O-O 16. Rc1 Rfd8 17. Rfd1 h6 18. Nf3 Ba3 19. Rc2 Bb4 20. Bd2 Qa5 21. Ne4 Nxe4 {1-0 Giri,A (2764)-Artemiev,V (2708) Chess.com Speed blitz 2020 (1.39)}) ({RR} 7. c4 Qd6 8. d5 Nf6 9. Nc3 Be7 10. Bg5 Nbd7 11. O-O h6 12. Bh4 e5 13. Nd2 Bf5 14. Bf3 O-O 15. Re1 Rfe8 16. Bg3 Bf8 17. Rc1 Qb6 18. Qb3 Bd6 19. Nde4 Bxe4 20. Nxe4 Nxe4 21. Bxe4 Qxb3 {1-0 Khodko,Y (2249)-Li,Y (1921) Titled Tue 6th Aug Early 2024 (2)}) 7... Nc6 $146 ({RR} 7... cxd4 8. Qa4+ Nd7 9. O-O Ngf6 10. Nxd4 Bxe2 11. Nxe2 Be7 12. Rd1 Qh5 13. Ng3 Qg4 14. Qxg4 Nxg4 15. Nc4 Ngf6 16. Bg5 b5 17. Nd6+ Bxd6 18. Rxd6 Nd5 19. Re1 N7f6 20. Bxf6 Nxf6 21. Ne4 Ke7 22. Rb6 {0-1 Halak,M (2239)-Fernandez Bustamante,L (2080) Titled Tue 7th Nov Late 2023 (11)}) ({RR} 7... cxd4 8. cxd4 Bxa3 9. bxa3 Ne7 10. O-O O-O 11. Rb1 b5 12. h3 Bf5 13. Rb3 Nbc6 14. Rc3 Rfd8 15. Be3 Qxa2 16. Nh4 Be4 17. Bf3 Qd5 18. Bxe4 Qxe4 19. Nf3 Nd5 20. Rb3 Na5 21. Rd3 Nc4 22. Bc1 {0-1 Christiansen,J (2609)-Artemiev,V (2728) Titled Tuesday intern op 3rd March blitz 2020 (8)}) 8. Nc2 cxd4 9. Ncxd4 Nf6 10. Be3 Be7 11. h3 Bh5 12. Qa4 O-O 13. Rd1 b5 14. Nxc6 Qxc6 15. Qb3 Qc7 16. Bg5 Nd5 17. Bxe7 Qxe7 18. Nd4 Bxe2 19. Nxe2 Rfc8 20. O-O Rab8 21. Rfe1 Qc5 22. Nd4 b4 23. Nxe6 fxe6 24. Rxe6 bxc3 25. Rxd5 Rxb3 26. Rxc5 Rxc5 27. bxc3 Rbxc3 28. Rxa6 Kf7 29. a4 Rc6 30. Ra7+ Kf6 31. a5 Ra3 32. Ra8 h6 33. Ra7 Rc5 0-1

[Event "Olympiad Women 2024"]
[Site "Budapest HUN"]
[Date "2024.09.15"]
[Round "5.53"]
[Board "3"]
[White "El Harrak, Maryam"]
[Black "Almanzar Vasquez, Jeniffer Maria"]
[Result "1-0"]
[WhiteElo "1639"]
[BlackElo "1876"]
[PlyCount "45"]
[EventDate "2024.09.11"]
[WhiteTeam "Morocco"]
[BlackTeam "Dominican Republic"]
[WhiteTeamCountry "MAR"]
[BlackTeamCountry "DOM"]

1. d4 e5 2. dxe5 Nc6 3. Nf3 d6 4. exd6 Bxd6 5. g3 ({RR} 5. Nc3 Nf6 6. Bg5 h6 7. Bh4 Bg4 8. e3 Qe7 9. Bb5 O-O-O 10. Bxc6 bxc6 11. Qe2 Kb7 12. Bg3 Bb4 13. O-O h5 14. Bh4 g5 15. Bxg5 h4 16. h3 Bh5 17. Bxh4 Rdg8 18. Bg3 Bd6 19. e4 Bxg3 {1-0 Praggnanandhaa,R (2608)-Sanal,V (2563) Titled Arena May 8th blitz 2021}) ({RR} 5. Nc3 Nf6 6. Bg5 Be6 7. e3 h6 8. Bh4 Qe7 9. Bd3 O-O-O 10. Qe2 Ne5 11. O-O-O Nxd3+ 12. cxd3 Bb4 13. Qc2 Bxc3 14. Qxc3 Bxa2 15. Nd4 Rd5 16. Kd2 Rc5 17. Qa3 Bd5 18. Qxa7 b6 19. Rc1 Ra5 {1-0 Venkatesh,N (2116)-Alavkin,A (2367) Titled Tue 20th Aug Late 2024 (7)}) 5... Bf5 6. c3 $146 ({RR} 6. Bg2 Bb4+ 7. Bd2 Qf6 8. c3 Bc5 9. Qb3 Bb6 10. O-O h5 11. e4 Be6 12. Qc2 h4 13. Bg5 Qg6 14. Bxh4 f6 15. h3 Rxh4 16. Nxh4 Qxg3 17. Nf5 Bxf5 18. exf5 O-O-O 19. Qe4 Nh6 20. Na3 Bc5 {1-0 Marti,G (2285)-Zsedely,F (2056) HUN-chT2 Breyer 0405 2004 (2)}) 6... Qd7 7. Bg2 Nf6 8. O-O Bh3 9. Qc2 O-O-O 10. Rd1 Qg4 11. Nbd2 Bxg2 12. Kxg2 h5 13. h3 Qe6 14. Ng5 Qe7 15. Nc4 h4 16. Nxd6+ Rxd6 17. Rxd6 cxd6 18. Bf4 hxg3 19. Bxg3 Nd7 20. Ne4 Qe6 21. Nxd6+ Kd8 22. Qf5 Qxf5 23. Nxf5 1-0

[Event "Olympiad Women 2024"]
[Site "Budapest HUN"]
[Date "2024.09.15"]
[Round "5.54"]
[Board "2"]
[White "Shih, Ching-An"]
[Black "Miller, Rachel"]
[Result "1-0"]
[WhiteElo "1734"]
[BlackElo "1912"]
[PlyCount "99"]
[EventDate "2024.09.11"]
[WhiteTeam "Chinese Taipei"]
[BlackTeam "Jamaica"]
[BlackTeamCountry "JAM"]

1. e4 c6 2. d4 d5 3. Nc3 dxe4 4. Nxe4 Nf6 5. Nxf6+ exf6 6. c3 Bd6 7. Bd3 O-O 8. Qc2 Re8+ 9. Ne2 h5 10. Bd2 Nd7 11. O-O-O Nf8 12. Ng3 ({RR} 12. f3 a5 13. Rdg1 Be6 14. g4 hxg4 15. fxg4 Bd5 16. h4 Bxh1 17. Rxh1 Qe7 18. g5 f5 19. h5 Qe6 20. Kb1 Qd5 21. Rf1 Qg2 22. Qd1 g6 23. hxg6 fxg6 24. Nf4 Bxf4 25. Bxf4 Ne6 26. Be5 b5 {0-1 Aitbayev,A (2441)-Jones,G (2689) Titled Tuesday intern op 2nd Febr blitz 2019 (9)}) 12... Be6 ({RR} 12... g6 13. Ne4 Be7 14. h3 f5 15. Nc5 Bxc5 16. dxc5 Ne6 17. Be3 Qa5 18. b4 Qa3+ 19. Qb2 Qxb2+ 20. Kxb2 a5 21. a3 axb4 22. axb4 Rd8 23. Bc4 Bd7 24. Rd6 Kf8 25. Rhd1 Ke7 26. Bxe6 Bxe6 27. Bg5+ {½-½ Buyankhishig,B (1867)-Brancaleoni,M (2180) Titled Tue 3rd Sep Early 2024 (11)}) 13. Kb1 c5 $146 ({RR} 13... Qa5 14. b3 Qc7 15. Bc1 a5 16. Rde1 a4 17. b4 b6 18. Nxh5 c5 19. a3 cxd4 20. cxd4 Qd7 21. Qd2 Bf5 22. g4 Bxd3+ 23. Qxd3 Rxe1 24. Rxe1 Qxg4 25. Ng3 Rd8 26. Nf5 Ne6 27. h3 Qg2 28. Re4 {0-1 Froewis,A (2113)-Schleining,Z (2382) EU-ch (Women) 19th 2018 (2)}) ({RR} 13... g6 14. Ne4 b5 15. h3 f5 16. Ng5 Bd5 17. Rhg1 Bh2 18. Rh1 Bd6 19. Rhg1 Bh2 20. Rh1 {½-½ Moen,A (2330)-Hansen,T (2443) Oslo Sveins op 10th 2017 (7)}) ({RR} 13... g6 14. Ne4 b5 15. Bc1 a5 16. Nxd6 Qxd6 17. b3 a4 18. b4 Bd5 19. f4 f5 20. Rhe1 Nd7 21. Re5 Nf6 22. h3 h4 23. Qf2 Ne4 24. Bxe4 Bxe4+ 25. Ka1 f6 26. Rxe8+ Rxe8 27. Qxh4 Bd5 28. Re1 {0-1 Ritviz,P (2299)-Nezad,H (2377) Abu Dhabi Masters 28th 2022 (5)}) 14. dxc5 Bxc5 15. Be3 Qb6 16. Bxc5 Qxc5 17. Ne4 Qa5 18. c4 Red8 19. Qc3 Qc7 20. b3 a5 21. a4 Rac8 22. Kb2 Nd7 23. Nd6 Ra8 24. Nb5 Qb6 25. f3 Nc5 26. Bc2 Rdc8 27. Rd6 Rc6 28. Rhd1 Rac8 29. Qd2 Rxd6 30. Qxd6 Qxd6 31. Rxd6 Kf8 32. Rd4 Ke7 33. Kc3 b6 34. Rd6 Nxa4+ 35. Kd2 Nc5 36. Rxb6 Bd7 37. Nc3 Bc6 38. Be4 Nxe4+ 39. fxe4 Kd6 40. Ra6 Kc5 41. Rxa5+ Kb4 42. Rxh5 Kxb3 43. Kd3 g6 44. Ra5 f5 45. exf5 Bxg2 46. Rb5+ Ka3 47. Kc2 Be4+ 48. Nxe4 Rxc4+ 49. Nc3 Rb4 50. Ra5+ 1-0

[Event "Olympiad Women 2024"]
[Site "Budapest HUN"]
[Date "2024.09.15"]
[Round "5.54"]
[Board "3"]
[White "Brown, Raehanna"]
[Black "Chen, I-Chen"]
[Result "1-0"]
[WhiteElo "1910"]
[BlackElo "1771"]
[PlyCount "83"]
[EventDate "2024.09.11"]
[WhiteTeam "Jamaica"]
[BlackTeam "Chinese Taipei"]
[WhiteTeamCountry "JAM"]

1. c4 e6 2. Nc3 d5 3. cxd5 exd5 4. d4 Nf6 5. Bg5 c6 6. e3 h6 7. Bh4 Be7 8. Bd3 Nbd7 9. Nge2 O-O 10. O-O Re8 11. Qc2 b5 12. a4 ({RR} 12. a3 Bb7 13. b4 a5 14. Rab1 axb4 15. axb4 Nb6 16. f3 Nc4 17. Bxc4 bxc4 18. Kh1 Qd7 19. Na4 Qc7 20. Nc5 Bc8 21. Bf2 Nd7 22. Nc3 Nxc5 23. bxc5 g6 24. Ra1 Be6 25. Bg3 Qd7 26. Na4 Bf5 {0-1 Derjabin,I (2333)-Putnam,L (2323) Titled Tue 27th Feb Early 2024 (2)}) 12... b4 13. Nb1 Bb7 14. a5 $146 ({RR} 14. Nd2 Rc8 15. Nb3 Ne4 16. Bxe7 Qxe7 17. Rfc1 Nxf2 18. Kxf2 Qxe3+ 19. Kf1 Re6 20. Nd2 c5 21. Nf3 Rf6 22. Bf5 cxd4 23. Qd3 Rxf5 24. Qxf5 Rxc1+ 25. Rxc1 Ba6 26. Re1 d3 27. Nfg1 Nc5 28. Qf3 Qd2 {1-0 Luberanski,J (2274)-Krainski,A (2066) Suwalki Warakomska Memorial 5th 2021 (1)}) 14... a6 15. Nd2 c5 16. Bxf6 Bxf6 17. dxc5 Rc8 18. Nb3 Qe7 19. Rac1 Ne5 20. Ned4 Nc4 21. Bxc4 dxc4 22. Qxc4 Qe4 23. c6 Qe7 24. Qd3 Ba8 25. Qxa6 Rc7 26. Rfd1 Rec8 27. Nb5 Bxb2 28. Nxc7 Qxc7 29. Rd7 Qb8 30. c7 Qb7 31. Qxb7 Bxb7 32. Rcd1 Kh7 33. Nc5 Bc6 34. Rxf7 Bf6 35. Rd6 Be8 36. Rdxf6 Bxf7 37. Rxf7 Kg6 38. Rd7 Kf6 39. Na6 b3 40. Rd6+ Ke7 41. Rb6 Kd7 42. Rxb3 1-0

[Event "Olympiad Women 2024"]
[Site "Budapest HUN"]
[Date "2024.09.15"]
[Round "5.54"]
[Board "4"]
[White "Tsai, Sophie Yi-Hsuan"]
[Black "Watson, Gabriella"]
[Result "1/2-1/2"]
[WhiteElo "1668"]
[BlackElo "1826"]
[PlyCount "71"]
[EventDate "2024.09.11"]
[WhiteTeam "Chinese Taipei"]
[BlackTeam "Jamaica"]
[BlackTeamCountry "JAM"]

1. e4 c6 2. d4 d5 3. exd5 cxd5 4. Bd3 Nc6 5. c3 Qc7 6. Ne2 Bg4 7. O-O Nf6 8. Qe1 e6 9. f3 Bh5 10. Bf4 ({RR} 10. Qh4 Rg8 11. Bf4 Qb6 12. Nd2 Bg6 13. Bxg6 hxg6 14. a4 Be7 15. Qf2 Rh8 16. b4 Nh5 17. a5 Qd8 18. Be3 Bd6 19. g3 Ne7 20. g4 Nf6 21. Bf4 Rc8 22. Qg3 Bxf4 23. Qxf4 Qc7 24. Qxc7 Rxc7 {0-1 So,W (2757)-Duda,J (2733) CrunchLab Masters Div 1 W 2024 (1.2)}) 10... Qd8 $146 ({RR} 10... Bd6 11. Bxd6 Qxd6 12. Nd2 Bg6 13. Bxg6 hxg6 14. Qg3 Qxg3 15. hxg3 Ke7 16. g4 b5 17. a3 a5 18. b4 Ne8 19. Nb3 Nd6 20. Nc5 axb4 21. axb4 Nc4 22. Nf4 Rhc8 23. Rfe1 Kd6 24. g5 Nd8 25. Kh2 {1-0 Shuvalova,P (2455)-Mahdian,A (2069) Swiss Queens Wed #3 2024 (8.142)}) ({RR} 10... Qb6 11. Nd2 Bg6 12. Qb1 Be7 13. Kh1 O-O 14. g4 Rfe8 15. Bg3 Bf8 16. Bh4 e5 17. Bxf6 gxf6 18. f4 Bxd3 19. Qxd3 exd4 20. Rf3 Qxb2 21. Rb1 Qxa2 22. Ng3 Qa6 23. Qf5 Re6 24. g5 fxg5 25. Qxg5+ {0-1 Plat,V (2570)-Roiz,M (2602) EU-Cup 35th Ulcinj 2019 (7.4)}) ({RR} 10... Bd6 11. Qg3 Bxf4 12. Nxf4 Bg6 13. Nxg6 Qxg3 14. hxg3 hxg6 15. Nd2 g5 16. g4 Ke7 17. Kf2 Ne8 18. a4 Nd6 19. a5 g6 20. Rfe1 f5 21. gxf5 gxf5 22. Nb3 b6 23. axb6 axb6 24. Rxa8 Rxa8 25. Ra1 {0-1 Geltz,N (2048)-Kolb,T (2307) GER-ch U18 Willingen 2021 (2)}) 11. Nd2 Bg6 12. Bxg6 hxg6 13. Nb3 Nh5 14. Nc5 Nxf4 15. Nxf4 Bxc5 16. dxc5 O-O 17. Rd1 Re8 18. Qf2 a5 19. Rfe1 Qc7 20. Qh4 Ne7 21. Nd3 Nf5 22. Qa4 e5 23. Kh1 Rad8 24. Rd2 Re7 25. Qd1 e4 26. fxe4 dxe4 27. Nc1 Rxd2 28. Qxd2 Qxc5 29. Nb3 Qc7 30. Nd4 e3 31. Qd3 Nxd4 32. Qxd4 Qe5 33. Kg1 Qg5 34. h4 Qg3 35. Re2 Kh7 36. Qd3 1/2-1/2

[Event "Olympiad Women 2024"]
[Site "Budapest HUN"]
[Date "2024.09.15"]
[Round "5.55"]
[Board "2"]
[White "Cadeau, Merisena"]
[Black "Mariam, Essa"]
[Result "1/2-1/2"]
[WhiteElo "1671"]
[BlackElo "1779"]
[PlyCount "89"]
[EventDate "2024.09.11"]
[WhiteTeam "Haiti"]
[BlackTeam "United Arab Emirates"]
[WhiteTeamCountry "HAI"]
[BlackTeamCountry "UAE"]

1. d4 Nf6 2. c4 e6 3. Nc3 Bb4 4. Nf3 c5 5. a3 Bxc3+ 6. bxc3 O-O 7. Bg5 ({RR} 7. g3 b6 8. Bg2 Bb7 9. d5 d6 10. O-O Qe7 11. Nh4 Nbd7 12. Re1 Ne5 13. e4 Nxc4 14. Bf1 Ne5 15. c4 Ng6 16. Ng2 b5 17. cxb5 exd5 18. exd5 Qd7 19. Ne3 Rfe8 20. Bb2 Nxd5 21. Nxd5 Rxe1 {1-0 Tabatabaei,M (2623)-So,W (2778) Berlin FIDE GP 3 KO 2022 (1.2)}) 7... Qa5 8. Qc1 $146 ({RR} 8. Qc2 Ne4 9. Bd2 f5 10. e3 d6 11. Bd3 Nf6 12. O-O Nc6 13. d5 exd5 14. cxd5 Ne7 15. c4 Qc7 16. Rab1 Ne4 17. Bxe4 fxe4 18. Ng5 Ng6 19. f3 Qe7 20. Nxe4 Bf5 21. Be1 Ne5 22. Bg3 b6 {0-1 Mangili,R-Spreafico,F Bergamo-chA 1999 (4)}) ({RR} 8. Bxf6 Qxc3+ 9. Nd2 gxf6 10. Rc1 Qxd4 11. e3 Qh4 12. Nf3 Qh6 13. h4 b6 14. Rh3 Bb7 15. h5 Kh8 16. Qd6 Bxf3 17. Rxf3 Nc6 18. Rh3 Rad8 19. Be2 Rg8 20. Kf1 Qg5 21. Rg3 Qe5 22. Rxg8+ Kxg8 {0-1 Fernandez,M (2129)-Milikow,Y (2394) Titled Tue 25th Apr Late 2023 (1)}) ({RR} 8. Bd2 Ne4 9. Qc2 f5 10. e3 b6 11. Bd3 Bb7 12. O-O d6 13. Rfd1 Bc6 14. a4 Qa6 15. d5 Nxd2 16. Rxd2 Bd7 17. Ng5 exd5 18. cxd5 Qc8 19. Bc4 Be8 20. Ne6 Rf6 21. e4 fxe4 22. Qxe4 Bg6 {½-½ Unal,R-Ratzmann,S Ruhrgebiet VK1 0708 2007 (1.7)}) ({RR} 8. Bd2 b6 9. e3 Bb7 10. Be2 Nc6 11. O-O Ne7 12. Qb3 Ba6 13. Rfe1 Rac8 14. Bd3 d5 15. Ne5 cxd4 16. exd4 dxc4 17. Nxc4 Qd5 18. Qb4 Nc6 19. Nxb6 axb6 20. Qb1 Bxd3 21. Qxd3 Rfd8 22. Qg3 Ne4 {0-1 Salter,S-McCormick,J US Open-72 Ventura 1971 (5)}) 8... Ne4 9. Be7 Re8 10. Bxc5 Nxc5 11. dxc5 Qxc5 12. e3 b6 13. Be2 Ba6 14. Nd2 Nc6 15. Ne4 Qe7 16. Qd2 d5 17. cxd5 exd5 18. Bxa6 dxe4 19. O-O Rad8 20. Qc2 Rd5 21. Rfd1 Ra5 22. Bc4 Rxa3 23. Rxa3 Qxa3 24. Bb5 Qc5 25. Qa4 g6 26. Bxc6 Rc8 27. Bb7 Rc7 28. Qa5 a6 29. Qxa6 Qxc3 30. Qxb6 Rd7 31. Rb1 Qc2 32. h3 Rd2 33. Rf1 Kg7 34. Qb4 f5 35. Qe7+ Kh6 36. Qf8+ Kg5 37. h4+ Kh5 38. Qf6 h6 39. Ba6 Rd1 40. Qe5 Rxf1+ 41. Bxf1 Qd1 42. g3 g5 43. Qxf5 Qxf1+ 44. Kh2 Qg1+ 45. Kxg1 1/2-1/2

[Event "Olympiad Women 2024"]
[Site "Budapest HUN"]
[Date "2024.09.15"]
[Round "5.56"]
[Board "1"]
[White "Quevedo, Andreina"]
[Black "Ollet, Myra"]
[Result "1-0"]
[WhiteElo "1851"]
[BlackElo "1658"]
[PlyCount "53"]
[EventDate "2024.09.11"]
[WhiteTeam "Uruguay"]
[BlackTeam "Guam"]
[WhiteTeamCountry "URU"]
[BlackTeamCountry "GMA"]

1. e4 d6 2. d4 Nf6 3. Nc3 c6 4. f4 e6 5. Nf3 Nbd7 ({RR} 5... Be7 6. Bd3 b5 7. O-O b4 8. Ne2 Ba6 9. e5 Nd5 10. Bxa6 Nxa6 11. a3 c5 12. c3 Qa5 13. Bd2 bxc3 14. Nxc3 Nxc3 15. Bxc3 Qb5 16. exd6 Bxd6 17. d5 O-O 18. dxe6 Bxf4 19. Qd5 Nc7 20. Qe4 {0-1 Kravtsiv,M (2593)-Dimakiling,O (2453) Al Ain op 1st 2012 (8)}) ({RR} 5... Be7 6. Be2 Qa5 7. O-O Qb6 8. e5 dxe5 9. fxe5 Nd5 10. Nxd5 cxd5 11. Ng5 Bxg5 12. Bxg5 Nc6 13. Be3 Nxe5 14. Bb5+ Bd7 15. Bxd7+ Nxd7 16. Qf3 Nf6 17. b3 O-O 18. Rad1 Ne4 19. c4 f5 20. cxd5 {½-½ Theephigaa K P (1692)-Shanmathi Sree S (1802) Swiss Queens Wed #9 2024 (4.216)}) 6. Bd3 Qc7 7. e5 $146 ({RR} 7. Qe2 a6 8. O-O Be7 9. e5 Nd5 10. Nxd5 cxd5 11. f5 dxe5 12. fxe6 fxe6 13. Nxe5 Nf6 14. Rxf6 Bxf6 15. Qh5+ g6 16. Bxg6+ Kf8 17. Bh6+ Ke7 18. Bg5 Bxg5 19. Qxg5+ Kd6 20. Nf7+ Kc6 21. Nxh8 hxg6 {1-0 Goldberg,A (1475)-Freimann,G (1567) Western States op 2006 (5)}) ({RR} 7. a4 e5 8. Be3 a5 9. Qd2 Be7 10. h3 O-O 11. g4 exd4 12. Nxd4 Nc5 13. Nf5 Nxd3+ 14. Qxd3 Bxf5 15. gxf5 Rad8 16. O-O-O d5 17. e5 d4 18. Bxd4 c5 19. Qc4 Qb8 20. Bf2 Nd7 21. Nd5 Rfe8 {1-0 Pribyl,J (2440)-Hock,M Prague Vysehrad-A 1990 (3)}) 7... dxe5 8. fxe5 Nd5 9. Nxd5 cxd5 10. O-O h6 11. Nh4 Nxe5 12. dxe5 Qxe5 13. Bb5+ Ke7 14. Re1 Qd6 15. Nf5+ Kf6 16. Nxd6 Bxd6 17. Qf3+ Kg6 18. Bd3+ f5 19. b3 Bd7 20. Bb2 Kf7 21. Bxf5 Ke7 22. Bxe6 Rhf8 23. Bxd7+ Kxd7 24. Qxd5 Kc7 25. Be5 Rad8 26. Bxd6+ Rxd6 27. Re7+ 1-0

[Event "Olympiad Women 2024"]
[Site "Budapest HUN"]
[Date "2024.09.15"]
[Round "5.56"]
[Board "2"]
[White "Ramas, Carmina Jasmine"]
[Black "Fabra, Nahiara"]
[Result "1/2-1/2"]
[WhiteElo "1712"]
[BlackElo "1932"]
[PlyCount "87"]
[EventDate "2024.09.11"]
[WhiteTeam "Guam"]
[BlackTeam "Uruguay"]
[WhiteTeamCountry "GMA"]
[BlackTeamCountry "URU"]

1. d4 d5 2. Bf4 Nf6 3. e3 Bf5 4. c4 e6 5. Qb3 b6 6. Nc3 Bd6 ({RR} 6... c6 7. Rc1 Bd6 8. Bxd6 Qxd6 9. cxd5 exd5 10. Nf3 Nbd7 11. Be2 O-O 12. O-O h6 13. Rfd1 Rfe8 14. Bd3 Bxd3 15. Rxd3 c5 16. Qa3 Qe6 17. dxc5 Nxc5 18. Rdd1 Nce4 19. Nxe4 dxe4 20. Nd4 Qe5 21. Nc6 {1-0 Howell,D (2667)-Ali Abdullahi,F (1879) Titled Tue 8th Nov Late 2022 (6)}) 7. Bg3 dxc4 $146 ({RR} 7... c5 8. cxd5 cxd4 9. exd4 Bxg3 10. Bb5+ Nbd7 11. hxg3 a6 12. Bc6 Ra7 13. dxe6 fxe6 14. Nf3 b5 15. O-O O-O 16. Rad1 Rc7 17. d5 exd5 18. Bxd5+ Kh8 19. Rfe1 Nc5 20. Qa3 Nxd5 21. Rxd5 Bd7 22. Rxc5 {1-0 Marinucci,J (1749)-Di Matteo,L Fermo Province-ch 2009 (4)}) ({RR} 7... O-O 8. Rc1 c6 9. Nf3 Bxg3 10. hxg3 Nbd7 11. Be2 h6 12. O-O Rc8 13. cxd5 exd5 14. Qa3 a5 15. Qd6 b5 16. Qe5 Bh7 17. g4 b4 18. Na4 Ne4 19. Ba6 Rc7 20. Rfd1 f5 21. gxf5 Bxf5 22. Qh2 {0-1 Povah,N (2202)-Kjartansson,M (1893) Reykjavik Open 2024 (4.63)}) ({RR} 7... O-O 8. Nf3 Nc6 9. cxd5 exd5 10. Be2 a5 11. O-O Nb4 12. a3 Bc2 13. Qxc2 Nxc2 14. Rac1 Nxa3 15. bxa3 Bxa3 16. Rc2 Bd6 17. Bh4 Be7 18. Ne5 Re8 19. Bb5 Ne4 20. Bxe8 Qxe8 21. Bxe7 Nxc3 22. Bh4 {0-1 Peregudov,D (1562)-Panteleev,A Gelendzhik op 13th 2017 (4)}) 8. Bxc4 O-O 9. Nf3 Bxg3 10. hxg3 Nc6 11. Be2 Qe7 12. Nh4 Rad8 13. Nxf5 exf5 14. Qb5 Nb4 15. Qxf5 g6 16. Qb1 Rfe8 17. a3 Nbd5 18. Nxd5 Nxd5 19. O-O Nxe3 20. fxe3 Qxe3+ 21. Rf2 Rxd4 22. Bf3 Rd2 23. Qf1 Rxb2 24. Rd1 Rxf2 25. Qxf2 Qxa3 26. Bc6 Rf8 27. Kh1 Qc3 28. Qf3 Qc5 29. Rd7 Qc1+ 30. Rd1 Qc5 31. Rd7 Qc1+ 32. Rd1 Qc4 33. Bd5 Qc5 34. Bc6 a5 35. Rd7 Qe5 36. Bd5 Qe8 37. Rxc7 b5 38. Ra7 a4 39. Bc6 Qe5 40. Rb7 Qb2 41. Bxb5 Qc1+ 42. Bf1 a3 43. Ra7 Qh6+ 44. Kg1 1/2-1/2

[Event "Olympiad Women 2024"]
[Site "Budapest HUN"]
[Date "2024.09.15"]
[Round "5.57"]
[Board "1"]
[White "Johnson, Gabriella"]
[Black "Georgina Sackie"]
[Result "0-1"]
[WhiteElo "1896"]
[BlackElo "1688"]
[PlyCount "90"]
[EventDate "2024.09.11"]
[WhiteTeam "Trinidad & Tobago"]
[BlackTeam "Liberia"]
[BlackTeamCountry "LBR"]

1. e4 c6 2. d4 d5 3. exd5 cxd5 4. Bd3 Nc6 5. c3 Nf6 6. h3 Qc7 7. Nf3 e6 8. Be3 ({RR} 8. O-O Bd6 9. Re1 O-O 10. Qe2 Nd7 11. Nbd2 Re8 12. Nf1 h6 13. Ne3 Nf6 14. Nc2 Nd7 15. Be3 f6 16. Rad1 a6 17. a4 Nf8 18. Bc1 Bd7 19. Ne3 Ne7 20. Bc2 b5 21. axb5 axb5 22. Bd3 Rab8 {1-0 Socko,B (2544)-Olsen,F (2423) 2nd Bundesliga Nord 23-24 2023 (8.1)}) ({RR} 8. O-O Bd6 9. Qe2 Bd7 10. Re1 O-O-O 11. a4 h6 12. Na3 a6 13. b4 Ne7 14. b5 a5 15. c4 Bb4 16. Bd2 dxc4 17. Nxc4 Ned5 18. Bxb4 axb4 19. Rec1 Nc3 20. Qb2 Nfd5 21. b6 Qf4 22. a5 Bb5 {0-1 Tqebuchava,Z (2303)-Copeland,S (2163) Titled Tue 9th Jan Early 2024 (4)}) 8... Be7 9. Nbd2 a6 $146 ({RR} 9... O-O 10. O-O Bd7 11. Re1 {½-½ Mayer,I (2106)-Schenkerik,C (2116) Budapest FS07 FM-C 2012 (10)}) 10. O-O h6 11. Rc1 g5 12. Nh2 Bd6 13. Ng4 Nxg4 14. Qxg4 Be7 15. Qh5 e5 16. Be2 Be6 17. Bg4 O-O-O 18. Bxe6+ fxe6 19. dxe5 Qxe5 20. Bd4 Qf4 21. Be3 Qf6 22. Nf3 e5 23. Rfd1 Kb8 24. Qg4 Rdg8 25. Rxd5 h5 26. Qe4 Bd6 27. Bc5 Bc7 28. Nh2 g4 29. h4 Qxh4 30. Bd6 Qg5 31. Bxc7+ Kxc7 32. Rcd1 h4 33. Rd7+ Kb8 34. Qe3 g3 35. Nf3 gxf2+ 36. Qxf2 Qg4 37. R1d6 h3 38. Rd2 hxg2 39. Qxg2 Qxf3 40. Rd8+ Nxd8 41. Rxd8+ Rxd8 42. Qxf3 Rdg8+ 43. Kf2 Rf8 44. Ke3 Rxf3+ 45. Kxf3 Kc7 0-1

[Event "Olympiad Women 2024"]
[Site "Budapest HUN"]
[Date "2024.09.15"]
[Round "5.57"]
[Board "3"]
[White "La Fleur, Zara"]
[Black "Abigail Karyah"]
[Result "0-1"]
[WhiteElo "1773"]
[BlackElo "1790"]
[PlyCount "112"]
[EventDate "2024.09.11"]
[WhiteTeam "Trinidad & Tobago"]
[BlackTeam "Liberia"]
[BlackTeamCountry "LBR"]

1. e4 c6 2. d4 d5 3. exd5 cxd5 4. Bd3 Nc6 5. c3 Nf6 6. Bf4 Bg4 7. Qb3 Qd7 8. Nd2 e6 9. h3 Bh5 10. Ngf3 Bd6 11. Bxd6 Qxd6 12. O-O O-O 13. Rae1 ({RR} 13. Rfe1 Qc7 14. a4 Rab8 15. Qa3 Bg6 16. Bxg6 hxg6 17. Re3 b6 18. Rae1 a6 19. Qa1 b5 20. axb5 axb5 21. b4 Ne7 22. Ne5 Nf5 23. Rf3 Nd6 24. Nb3 Ra8 25. Qb1 Ra3 26. Qb2 Ra4 27. Nc5 Ra7 {1-0 Fedoseev,V (2701)-Svane,R (2648) Titled Tuesday intern op 19th Apr Early blitz 2022 (5)}) ({RR} 13. Rfe1 Bxf3 14. Nxf3 a6 15. Ne5 b5 16. a3 Rab8 17. Qd1 a5 18. b4 Rfc8 19. Qe2 Na7 20. Rac1 a4 21. g3 Rc7 22. h4 Qb6 23. g4 Nc8 24. g5 Ne8 25. Kh1 Ned6 26. h5 Ne7 27. h6 g6 {1-0 Spitzl,V (2365)-Peiris,T (1843) Titled Tue 9th Jan Early 2024 (3)}) 13... Rab8 $146 ({RR} 13... Bxf3 14. Nxf3 Qc7 15. Qc2 Rab8 16. Qe2 a6 17. Ne5 Nxe5 18. dxe5 Nd7 19. Qh5 g6 20. Qg5 b5 21. a3 a5 22. h4 b4 23. axb4 axb4 24. h5 Nc5 25. Re3 bxc3 26. bxc3 Nxd3 27. Rxd3 Rb3 28. Rh3 {1-0 Baches Garcia,G (2329)-Mikhailovsky,V (2184) Titled Tuesday intern op 29th Mar Early blitz 2022 (7)}) ({RR} 13... Bg6 14. Ne5 Bxd3 15. Nxd3 Rab8 16. Nf3 Ne4 17. Qd1 b5 18. Nfe5 Na5 19. Nc5 Nxc5 20. dxc5 Qc7 21. b4 Nc4 22. Qd4 Rbd8 23. a4 a6 24. axb5 axb5 25. Nxc4 dxc4 26. Qe5 Qc6 27. Rd1 f6 28. Qe2 {1-0 Puczylowski,M (2086)-Jarocka,L (2127) Suwalki Warakomska Memorial 6th 2022 (9)}) ({RR} 13... Bg6 14. Bxg6 hxg6 15. Ne5 Rab8 16. Qd1 b5 17. a3 a5 18. Nb3 Ra8 19. Nc5 Nxe5 {½-½ Kollen,Z (2343)-Martens,M (2321) TCh-BEL 2023-24 (2.4)}) 14. Ne5 b5 15. f4 b4 16. Qa4 bxc3 17. bxc3 Ne7 18. Rb1 Rfc8 19. Qc2 Bg6 20. Nxg6 hxg6 21. Nb3 Nd7 22. Qd2 Rb7 23. Rbc1 Rbc7 24. Bb5 Nc6 25. Rf3 Ncb8 26. h4 Nf6 27. Bd3 Nbd7 28. g3 Qa3 29. Bb1 a5 30. Kg2 a4 31. Na1 Qd6 32. Bd3 Nb6 33. Re3 Nc4 34. Bxc4 Rxc4 35. Qe2 Ne4 36. h5 Rxc3 37. Rh1 Rxe3 38. Qxe3 g5 39. Rc1 Rxc1 40. Qxc1 gxf4 41. gxf4 Qb4 42. Qg1 Qd2+ 43. Kf3 Qd3+ 44. Kg4 Qe2+ 45. Kh4 Nf6 46. h6 Qh5+ 47. Kg3 Qg4+ 48. Kf2 Qxf4+ 49. Ke2 Qxh6 50. Nc2 Ne4 51. Qe1 Qh3 52. Ne3 Qh2+ 53. Kd3 Qxa2 54. Qa5 g6 55. Qd8+ Kg7 56. Qc7 Qd2# 0-1